书目信息 |
| 题名: |
中国外来海洋生物及其快速检测
|
|
| 作者: | 林更铭 , 杨清良 主编 | |
| 分册: | ||
| 出版信息: | 北京 科学出版社 2018.01 |
|
| 页数: | 352页 | |
| 开本: | 26cm | |
| 丛书名: | ||
| 单 册: | ||
| 中图分类: | Q178.53-34 , Q178.53 | |
| 科图分类: | ||
| 主题词: | 外来种--海洋生物--快速--检测--中国 | |
| 电子资源: | ||
| ISBN: | 978-7-03-054835-1 | |
| 000 | 01171nam0 2200241 450 | |
| 001 | 4683 | |
| 005 | 20181012154909.14 | |
| 010 | @a978-7-03-054835-1@b精装@dCNY198.00 | |
| 100 | @a20180513d2018 em y0chiy50 ea | |
| 101 | 0 | @achi |
| 102 | @aCN@b110000 | |
| 105 | @aa z 000yy | |
| 200 | 1 | @a中国外来海洋生物及其快速检测@9zhong guo wai lai hai yang sheng wu ji qi kuai su jian ce@f林更铭,杨清良主编 |
| 210 | @a北京@c科学出版社@d2018.01 | |
| 215 | @a352页@c图@d26cm | |
| 330 | @a本书共收录我国外来海洋生物141种,其中入侵海洋生物23种,有意引进的外来海洋生物106种,我国自有分布的引种复壮海洋生物12种。每个物种包括图谱和生物生态学信息;通过对外来船舶压舱水生物的物种组成、、环境适应性和竞争机制的试验研究,阐述了外来海洋生物的入侵机制和潜在生态危害;介绍了外来船舶压舱水生物和海洋病原微生物的国内外研究进展和检测技术,并建立了针对副溶血性弧菌的CPA-核酸试纸条快速检测技术和青蟹呼肠孤病毒免疫金标试纸条检测方法。 | |
| 606 | 0 | @a外来种@x海洋生物@x快速@x检测@y中国 |
| 690 | @aQ178.53-34@v5 | |
| 690 | @aQ178.53@v4 | |
| 701 | 0 | @a林更铭@9lin geng ming@4主编 |
| 701 | 0 | @a杨清良@9yang qing liang@4主编 |
| 801 | 0 | @aCN@b91MARC@c20180513 |
| 905 | @aMuseLib@dQ178.53@e258 | |
| 中国外来海洋生物及其快速检测/林更铭,杨清良主编.-北京:科学出版社,2018.01 |
| 352页:图;26cm |
| ISBN 978-7-03-054835-1(精装):CNY198.00 |
| 本书共收录我国外来海洋生物141种,其中入侵海洋生物23种,有意引进的外来海洋生物106种,我国自有分布的引种复壮海洋生物12种。每个物种包括图谱和生物生态学信息;通过对外来船舶压舱水生物的物种组成、、环境适应性和竞争机制的试验研究,阐述了外来海洋生物的入侵机制和潜在生态危害;介绍了外来船舶压舱水生物和海洋病原微生物的国内外研究进展和检测技术,并建立了针对副溶血性弧菌的CPA-核酸试纸条快速检测技术和青蟹呼肠孤病毒免疫金标试纸条检测方法。 |
| ● |
| 相关链接 |
|
|
|
|
正题名:中国外来海洋生物及其快速检测
索取号:Q178.53/258
 
预约/预借
| 序号 | 登录号 | 条形码 | 馆藏地/架位号 | 状态 | 备注 |
| 1 | 1126201 | 211262015 | 第二样本阅览室/ [索取号:Q178.53/258] | 在馆 | |
| 2 | 1126202 | 211262024 | 第三借阅区/ [索取号:Q178.53/258] | 在馆 |